LIBRARY & INFORMATION CENTRE, KCAET, TAVANUR

ONLINE PUBLIC ACCESS CATALOGUE (OPAC)

Practical physics, Vol 2 & 3 / (Record no. 4677)

MARC details
000 -LEADER
fixed length control field 00426cam a2200181ua 4500
041 ## - LANGUAGE CODE
Language code of text/sound track or separate title eng
082 ## - DEWEY DECIMAL CLASSIFICATION NUMBER
Classification number 530
Item number ARO/PR
100 ## - MAIN ENTRY--AUTHOR NAME
Personal name Arora, C L .
245 ## - TITLE STATEMENT
Title Practical physics, Vol 2 & 3 /
260 ## - PUBLICATION, DISTRIBUTION, ETC. (IMPRINT)
Place of publication New Delhi :
Name of publisher S.Chand and Co ,
Year of publication 1966.
300 ## - PHYSICAL DESCRIPTION
Number of Pages 363 ; .
650 ## - SUBJECT ADDED ENTRY--TOPICAL TERM
Topical Term Physics
942 ## - ADDED ENTRY ELEMENTS (KOHA)
Koha item type Books
Holdings
Withdrawn status Lost status Damaged status Home library Current library Date acquired Full call number Accession Number Koha item type
Withdrawn     KAUAET KAUAET 07/04/2012 530 11397 Books
free website counter